Statistiques concernant Trouve les paroles - Mon mec à moi - Patricia Kaas

Cliquez ici pour prendre le quiz!

Statistiques générales

  • Ce quiz a été pris 64 fois
  • Le résultat moyen est 180 sur 228

Statistiques - réponses

Réponse% Correct
à
100%
me
100%
moi
100%
mon
100%
Mon
100%
Il
98%
il
98%
je
98%
la
98%
mec
98%
parle
98%
pas
98%
d'aventures
93%
et
93%
Et
93%
quand
93%
m'a
91%
ma
91%
Ce
89%
comme
89%
Comme
89%
des
89%
Des
89%
voitures
89%
y
89%
nuit
88%
d'amour
86%
passer
86%
tout
86%
dit
84%
ses
84%
dans
82%
le
80%
les
80%
Les
80%
80%
pour
80%
Ça
79%
ça
79%
J'pourrais
79%
Mais
79%
mais
79%
qu'il
79%
Qu'il
79%
yeux
79%
ces
77%
crois
77%
Sa
77%
sa
77%
veut
77%
vie
77%
du
75%
en
75%
En
75%
fait
75%
bien
73%
C'est
73%
c'est
73%
suis
73%
c'qu'il
71%
m'dit
71%
avec
70%
coeur
70%
mots
70%
oui
70%
au
68%
j'y
68%
Oh
66%
joue
64%
joué
64%
Tellement
64%
histoires
63%
même
61%
raconte
61%
deux
59%
elles
59%
pleut
59%
rêves
59%
Sans
59%
vrai
59%
brillent
55%
dire
55%
menteurs
55%
triche
55%
chansons
54%
chante
54%
jamais
54%
pareil
54%
fois
52%
bonbons
50%
cinéma
50%
d'être
50%
façon
50%
film
50%
t'aime
50%
voix
50%
blanc
48%
chinois
48%
écoutant
48%
menthe
48%
noir
48%
scénarios
48%
cents
46%
Gabin
46%
J'me
46%
Morgan
46%
Enfin
43%
ressemble
43%
rien
41%
qu'du
38%

Distribution des résultats

Percentile par nombre de réponses

% des personnes avec chaque résultat

Votre développement - résultats

Vous n’avez pas pris ce quiz